Statistics for Law & Order characters by episode count (per series)

Click here to take the quiz!

General Stats

  • This quiz has been taken 24 times
    (20 since last reset)
  • The average score is 20 of 55

Answer Stats

Answer% Correct
Law & Order: Special Victims Unit539Olivia Margaret 'Liv' Benson
94%
Law & Order: Organized Crime20Elliot 'Eli' Stabler, Jr.
88%
Law & Order: Special Victims Unit283Elliot 'El' Stabler
88%
Law & Order400John James 'Jack' McCoy
88%
Law & Order: Special Victims Unit326John Munch
88%
Law & Order: Special Victims Unit332Donald 'Don' Cragen
82%
Law & Order: Special Victims Unit516Odafin 'Fin' Tutuola
82%
Law & Order391Anita Van Buren
76%
Law & Order274Leonard W. 'Lennie' Briscoe
76%
Law & Order111Michael 'Mike' Logan
65%
Law & Order: Criminal Intent141Robert 'Bobby' Goren
65%
Law & Order: Criminal Intent144Alexandra Eames
59%
Law & Order: Special Victims Unit256Amanda Rollins
59%
Law & Order198Edward 'Ed' Green
59%
Law & Order: Special Victims Unit226Melinda Warner
59%
Law & Order229Adam Schiff
53%
Law & Order: Organized Crime53Ayanna Bell
53%
Law & Order: Special Victims Unit196Dominick 'Sonny' Carisi, Jr.
53%
Law & Order: Special Victims Unit230George Huang
53%
Law & Order116Arthur Branch
47%
Law & Order143Elizabeth Rodgers
47%
Law & Order: Special Victims Unit119Rafael Barba
47%
Law & Order: LA21Arleen Gonzales
35%
Law & Order: LA16Ricardo Morales
35%
Law & Order: LA22Tomas 'TJ' Jaruszalski
35%
Law & Order: Organized Crime18Carmen 'Nova' Riley
29%
Law & Order: Organized Crime16Denise Bullock
29%
Law & Order: Organized Crime53Jet Slootmaekers
29%
Law & Order95Reynaldo 'Rey' Curtis
29%
Law & Order88Benjamin 'Ben' Stone
24%
Law & Order: Organized Crime20Carlos Maldonado
24%
Law & Order: LA8Consuela 'Connie' Rubirosa
24%
Law & Order: Criminal Intent111James Deakins
24%
Law & Order: Criminal Intent111Ronald 'Ron' Carver
24%
Law & Order: Organized Crime20Victoria Cho
24%
Law & Order: Trial by Jury10Chris Ravell
12%
Law & Order: Criminal Intent61Daniel 'Danny' Ross
12%
Law & Order: Trial by Jury13Hector Salazar
12%
Law & Order: Organized Crime22Jamie Whelan
12%
Law & Order: LA16Jonah 'Joe' Dekker
12%
Law & Order: Trial by Jury13Kelly Gaffney
12%
Law & Order: Criminal Intent24Megan Wheeler
12%
Law & Order: LA10Miwako Nishizawa
12%
Law & Order: LA14Rex Winters
12%
Law & Order: Organized Crime22Robert 'Bobby' Reyes
12%
Law & Order: Criminal Intent15Serena Stevens
12%
Law & Order: Trial by Jury13Tracey Kibre
12%
Law & Order: Criminal Intent24Zachary 'Zack' Nichols
12%
Law & Order: Trial by Jury3Amanda Anderlee
6%
Law & Order: LA7Evelyn Price
6%
Law & Order: LA8Gerald 'Jerry' Hardin
6%
Law & Order: LA7Lauren Stanton
6%
Law & Order: Trial by Jury3Ross Campbell
6%
Law & Order: Trial by Jury3Sigrun Borg
6%
Law & Order: Trial by Jury4Terence Wright
6%

Score Distribution

Percentile by Number Answered

Percent of People with Each Score

Your Score History

You have not taken this quiz since the last reset